000
00306nam a22001337a 4500
999
_c
534163
_d
534163
020
_a
969351937X
040
_c
MSOHAIL
082
_a
891.4393
100
_a
Mustansar Hussain Tarar
_9
9703
245
_a
Parinday
260
_a
Lahore
_b
Sang-e-Meel Publications
_c
2007
300
_a
164;p
942
_2
ddc
_c
BK